Normal view MARC view

Entry Uniform Title

Number of records used in: 1

001 - CONTROL NUMBER

  • control field: 39225

003 - CONTROL NUMBER IDENTIFIER

  • control field: dpl

005 - DATE AND TIME OF LATEST TRANSACTION

  • control field: 20120116110542.0

008 - FIXED-LENGTH DATA ELEMENTS

  • fixed length control field: 120116|||a|||||| | ||| d

040 ## - CATALOGING SOURCE

  • Original cataloging agency: dpl
  • Transcribing agency: dpl

130 ## - HEADING--UNIFORM TITLE

  • Uniform title: Linux.

670 ## - SOURCE DATA FOUND

  • Source citation: Work cat.: (dpl)0: Jang, Michael H. 39224, RHCSA/RHCE Red Hat Linux certification study guide :, c2011

670 ## - SOURCE DATA FOUND

  • Source citation: Work cat.: (dpl)0: Jang, Michael H. 39224, RHCSA/RHCE Red Hat Linux certification study guide :, c2011

© Delhi Public Library
Hit Counter
free hit counter